Técnica de venta /
Guardado en:
| Autor Principal: | |
|---|---|
| Formato: | Libro |
| Idioma: | Spanish English |
| Publicado: |
Buenos Aires :
Librería "El Ateneo" Editorial,
c1977.
|
| Edición: | 2a. ed. |
| Series: | Serie de enseñanza programada.
|
| Materias: | |
| Etiquetas: |
Agregar Etiqueta
Sin Etiquetas, Sea el primero en etiquetar este registro!
|
| LEADER | 00832nam a2200217a 4500 | ||
|---|---|---|---|
| 001 | EAD.ead002565 | ||
| 008 | 080718s1977####ag#######b####000#0#spa#d | ||
| 005 | 20110106132403.0 | ||
| 245 | 1 | 0 | |a Técnica de venta / |c Richard H. Howland ; coordinador editorial, Roger H. Hermanson. |
| 250 | |a 2a. ed. | ||
| 260 | |a Buenos Aires : |b Librería "El Ateneo" Editorial, |c c1977. | ||
| 300 | |a 140 p. ; |c 26 cm. | ||
| 490 | 1 | |a Serie de enseñanza programada "El Ateneo" | |
| 500 | |a Traducción de: Programmed learning aid for principles of salesmanship. | ||
| 504 | |a Incluye referencias bibliográficas, glosario e índice. | ||
| 100 | 1 | |a Howland, Richard H. | |
| 830 | 0 | |a Serie de enseñanza programada. | |
| 082 | 0 | 4 | |a 658.85 |2 21 |
| 650 | 7 | |a Ventas. |2 unbist | |
| 041 | 1 | |a spa |h eng | |
| 859 | |a AR-BaBDC |b BIB. ADMINISTRACION - Libros |h 658.85 |i H843a2 |p b00943 | ||
